| 000 | 00886nam a22002417a 4500 | ||
|---|---|---|---|
| 005 | 20220110091740.0 | ||
| 008 | 220110b sp ||||| |||| 00| 0 eng d | ||
| 020 | _a8425211654 | ||
| 050 | 0 | 7 |
_aTK7871.58.O6 _bW35 1983 |
| 100 | 1 | _aWait, John V. | |
| 240 | 1 |
_aOperational amplifiers : _hdesing and applicactions. _lEspañol |
|
| 245 | 1 | 0 |
_aIntroducción al amplificador operacional. _b: teoría y aplicaciones _c/ John V. Wait, Lawrence P. Huelsman, Granino A Korn. |
| 250 | _a1a ed. | ||
| 260 |
_aBarcelona, España : _bEditorial Gustavo Gili, _c1983 |
||
| 300 |
_a408 p. : _bil. ; _c23 cm. |
||
| 490 | 0 | _aElectrónica/ Informática | |
| 504 | _aIncluye bibliografía | ||
| 650 | 7 |
_2lemb _aCircuitos electrónicos |
|
| 650 | 7 |
_2lemb _aAmplificadores operacionales |
|
| 700 | 1 |
_aHuelsman, Lawrence P., _eautor |
|
| 700 | 1 |
_aKorn, Garnino A., _dautor |
|
| 942 |
_2lcc _cLIB |
||
| 999 |
_c159588 _d159586 |
||